[Event "BCF-ch"]
[Site "Chester"]
[Date "1979.??.??"]
[Round "1"]
[White "Short, Nigel D"]
[Black "Ludgate, Alan"]
[Result "1-0"]
[WhiteElo "2260"]
[BlackElo "2230"]

1.e4 g6 2.d4 Bg7 3.Nc3 d6 4.Bc4 Nf6 5.Qe2 c6 6.e5 dxe5 7.dxe5 Nd5 8.Bd2 Nd7
9.f4 N7b6 10.Bb3 Nxc3 11.Bxc3 Nd5 12.Bd2 Be6 13.Nf3 Bg4 14.c4 Nc7 15.h3 Bxf3
16.Qxf3 Ne6 17.Qe3 Qd4 18.Qxd4 Nxd4 19.Be3 O-O-O 20.O-O-O c5 21.Rhe1 b6 22.Bxd4 Rxd4
23.Rxd4 cxd4 24.Kc2 f6 25.exf6 Bxf6 26.Kd3 Rd8 27.Bd1 g5 28.f5 Kc7 29.Bf3 a5
30.a3 Rd7 31.g4 h6 32.b3 Bg7 33.Re6  1-0

[Event "BCF-ch"]
[Site "Chester"]
[Date "1979.??.??"]
[Round "2"]
[White "Large, Peter G"]
[Black "Lloyd, Ken"]
[Result "1-0"]
[WhiteElo "2265"]
[BlackElo "2200"]

1.e4 g6 2.d4 Bg7 3.Nc3 d6 4.f4 c6 5.Be3 Nf6 6.Nf3 a6 7.Bd3 b5 8.a4 Bb7 9.e5 dxe5
10.dxe5 Ng4 11.Bg1 O-O 12.h3 Nh6 13.g4 f5 14.Qe2 Qa5 15.g5 Nf7 16.Rd1 Qb4
17.Be3 c5 18.axb5 axb5 19.Bxb5 Ra5 20.Bc4 Qxb2 21.Nd5 e6 22.Bc1 Qa1 23.Ne3 Bxf3
24.Qxf3 Nd7 25.Bxe6 Nxe5 26.fxe5 Qxe5 27.Bxf7+ Rxf7 28.O-O f4 29.Rd8+ Bf8
30.Qd5 Qd4 31.Qxf7+ Kxf7 32.Rxd4 cxd4 33.Rxf4+ Kg8 34.Rxd4 Rxg5+ 35.Ng4 Ra5
36.Be3 h5 37.Nf6+ Kf7 38.Ne4 Ke6 39.Kg2 Be7 40.Nd2  1-0

[Event "BCF-ch"]
[Site "Chester"]
[Date "1979.??.??"]
[Round "4"]
[White "Baker, Chris W"]
[Black "Lloyd, Ken"]
[Result "1-0"]
[WhiteElo "2275"]
[BlackElo "2200"]

1.e4 g6 2.d4 Bg7 3.Nc3 d6 4.f4 Nf6 5.e5 Nfd7 6.Nf3 O-O 7.Ng5 Nb6 8.Bd3 Na6
9.h4 dxe5 10.h5 Nb4 11.hxg6 Nxd3+ 12.Qxd3 hxg6 13.Qg3 Re8 14.Rh7 f6 15.Ne6 Kxh7
16.Nxd8 Rxd8 17.dxe5 Bf5 18.Be3 fxe5 19.fxe5 Nd7 20.O-O-O Nxe5 21.Qh4+ Kg8
22.Ne4 Nc6 23.Bg5 Kf7 24.Qf2 Ne5 25.Qe2 Rd7 26.Nc3 Rxd1+ 27.Qxd1 Be6 28.Nd5 Rd8  1-0

[Event "BCF-ch"]
[Site "Chester"]
[Date "1979.??.??"]
[Round "5"]
[White "Littlewood, John Eric"]
[Black "McNab, Colin Anderson"]
[Result "1-0"]
[WhiteElo "2375"]
[BlackElo "2200"]

1.e4 g6 2.d4 d6 3.Nc3 Bg7 4.Be3 a6 5.Qd2 Nd7 6.O-O-O b5 7.h4 h5 8.Nh3 Bb7
9.Ng5 Rc8 10.f4 Nh6 11.f5 gxf5 12.exf5 Nf6 13.Bd3 Nhg4 14.Kb1 O-O 15.Nce4 c5
16.Nxf6+ Nxf6 17.Be2 c4 18.c3 a5 19.Bf3 Qd7 20.d5 Qxf5+ 21.Ka1 b4 22.Bd4 Rb8
23.Qe2 Qg6 24.Rhf1 a4 25.cxb4 a3 26.Rf2 Ra8 27.Qxc4 Rfc8 28.Qb3 Rc7 29.Rff1 axb2+
30.Bxb2 Rc2 31.Rb1 Ba6 32.b5 Rb8 33.Be4 Nxe4 34.Qxc2 Bxb5 35.Qc7 Ra8 36.Qb7 Ra5
37.Qb8+ Bf8 38.Rxf7 Qxf7 39.Nxf7 Bc4 40.Nh6+ Kh7 41.a3 Nd2 42.Rd1  1-0

[Event "BCF-ch"]
[Site "Chester"]
[Date "1979.??.??"]
[Round "7"]
[White "Bellin, Robert"]
[Black "Littlewood, John Eric"]
[Result "1-0"]
[WhiteElo "2425"]
[BlackElo "2375"]

1.e4 g6 2.d4 Bg7 3.Nc3 d6 4.f4 Nf6 5.Nf3 O-O 6.Bd3 Nc6 7.O-O Bg4 8.e5 dxe5
9.dxe5 Nd5 10.h3 Bxf3 11.Qxf3 Nxc3 12.bxc3 Qc8 13.Ba3 Qe6 14.Qe4 Rfd8 15.Bc4 Qf5
16.Qe2 Na5 17.Bxe7 Re8 18.Bd3 Qe6 19.Bb4 Qb6+ 20.Kh1 c5 21.Bxa5 Qxa5 22.c4 Rad8
23.Qf3 Re7 24.Rae1 f5 25.g4 fxg4 26.Qxg4 Rd4 27.Re4 Qd8 28.Rfe1 Re8 29.h4 Qd7
30.e6 Qe7 31.Rxd4 Bxd4 32.h5 Qg7 33.hxg6 hxg6 34.Bxg6 Re7 35.Re2 Kf8 36.Qg3 Qf6
37.f5 b5 38.cxb5 c4 39.Re4 Bb6 40.Rxc4 Rh7+ 41.Bxh7  1-0

[Event "BCF-ch"]
[Site "Chester"]
[Date "1979.??.??"]
[Round "9"]
[White "Macaulay, S."]
[Black "McNab, Colin Anderson"]
[Result "0-1"]
[WhiteElo "2200"]
[BlackElo "2200"]

1.e4 g6 2.d4 d6 3.Nc3 Bg7 4.Be3 a6 5.a4 b6 6.f4 c5 7.h3 e6 8.Nf3 Ne7 9.Be2 O-O
10.O-O Nbc6 11.Qd2 Qc7 12.Rad1 Rd8 13.Kh1 Bb7 14.f5 exf5 15.d5 fxe4 16.Nxe4 Nxd5
17.Bc4 Nxe3 18.Qxe3 Rd7 19.Neg5 Rf8 20.Nxh7 Kxh7 21.Ng5+ Kg8 22.Qe4 Ne5 23.Qh4 Re8
24.Qh7+ Kf8 25.Rde1 d5 26.Bd3 Qd6 27.Nxf7 Rxf7 28.Rxf7+ Kxf7 29.Rf1+ Qf6
30.Rxf6+ Kxf6 31.Qh4+ Kf7 32.Qf4+ Kg8 33.Be2 Rf8 34.Qg3 Rf5 35.b3 Bh6 36.Qh4 Bg5
37.Qg3 Kg7 38.Kg1 d4 39.Bd3 Be3+  0-1

[Event "BCF-ch"]
[Site "Chester"]
[Date "1979.??.??"]
[Round "9"]
[White "Britton, Richard"]
[Black "Ludgate, Alan"]
[Result "1-0"]
[WhiteElo "2300"]
[BlackElo "2230"]

1.e4 g6 2.d4 Bg7 3.Nc3 d6 4.Nf3 Nf6 5.Be2 O-O 6.O-O c6 7.a4 Qc7 8.a5 e5 9.dxe5 dxe5
10.Nd2 Rd8 11.Qe1 Nbd7 12.Nb3 Nf8 13.Nc5 Qe7 14.Be3 Ng4 15.Bxg4 Bxg4 16.f3 Be6
17.Qf2 a6 18.Rfd1 f5 19.Qe2 Bf7 20.N3a4 Ne6 21.Nxe6 Bxe6 22.Nc5 Bf8 23.b3 Bf7
24.Nd3 fxe4 25.fxe4 Qe6 26.Rf1 Rd7 27.Rf2 Be8 28.Raf1 Rf7 29.Bg5 Be7 30.Bh6 Rd8
31.Rxf7 Bxf7 32.Qf3 Bd6 33.Kh1 Re8 34.Nf2 Re7 35.Ng4 Rc7 36.Bg5 Bf8 37.Qg3 Bg7
38.Nf6+ Kh8 39.Qh4 Bg8 40.h3 Rf7 41.Rf2 Rf8 42.Ng4 Rxf2 43.Qxf2 h5 44.Nh2 Qd7
45.Nf3 Bf7 46.Bd2 Kg8 47.Kh2 Qe7 48.Bc3 Bf6 49.h4 Be6 50.Qg3 Bg4 51.Bxe5 Kg7
52.Bxf6+ Kxf6 53.Ng5 Qe5 54.c3 c5 55.Nf3 Qxe4 56.Qd6+ Kg7 57.Qc7+ Kf6 58.Qd6+ Kg7
59.Ng5 Qf5 60.Qe7+ Kg8 61.Qd8+ Kg7 62.Qe7+ Kg8 63.Qxb7 Qf4+ 64.g3 Qf2+ 65.Qg2 Qf5
66.Qd2 Kg7 67.Qg2 Kg8 68.Qa8+ Kg7 69.Qb7+ Kf8 70.Qb8+ Kg7 71.Qc7+ Kg8 72.Qd8+ Kg7
73.Qe7+ Kg8 74.Ne4 Kh8 75.Qf6+ Qxf6 76.Nxf6 Bf5 77.Nd5 Kg7 78.Kg1 Kf7 79.Kf2 Be4
80.Nf4 Bc2 81.Ke3 Ke7 82.Nd3 Kd6 83.b4  1-0

[Event "Copenhagen-ch"]
[Site "Copenhagen"]
[Date "1979.??.??"]
[Round "2"]
[White "Brondum, Eric"]
[Black "Hoi, Carsten"]
[Result "1-0"]
[WhiteElo "2320"]
[BlackElo "2355"]

1.e4 g6 2.d4 Bg7 3.Nc3 d6 4.Nge2 Nf6 5.g3 O-O 6.Bg2 e5 7.O-O Nc6 8.d5 Ne7
9.a4 Nh5 10.Be3 f5 11.Qd2 Nf6 12.Bg5 fxe4 13.Bxf6 Bxf6 14.Nxe4 Nf5 15.a5 Bd7
16.c4 Bg7 17.b4 a6 18.Qd3 Qe7 19.Rfb1 Nd4 20.b5 Bf5 21.bxa6 bxa6 22.Rb7 Qf7
23.N2c3 Bh6 24.Kh1 Rab8 25.Rab1 Rxb7 26.Rxb7 Bc8 27.Rb8 Kg7 28.Rb1 Qe7 29.Rb8 g5
30.c5 g4 31.cxd6 cxd6 32.Qc4 Bb7 33.Rxf8 Kxf8 34.Qb4 Nf5 35.h3 gxh3 36.Bxh3 Bc8
37.Qb8 Qd7 38.Kh2 Kg7 39.Nxd6 Qxd6 40.Qxc8 Ne7 41.Qb7  1-0

[Event "Copenhagen AS04"]
[Site "Copenhagen"]
[Date "1979.??.??"]
[Round "6"]
[White "Krnic, Zdenko"]
[Black "Schussler, Harry"]
[Result "1/2-1/2"]
[WhiteElo "2390"]
[BlackElo "2460"]

1.e4 g6 2.d4 Bg7 3.Nc3 d6 4.Bg5 a6 5.f4 b5 6.Nf3 Bb7 7.Qd2 Nd7 8.a4 b4 9.Nd5 a5
10.Bd3 Ngf6 11.c4 bxc3 12.Nxc3 O-O 13.O-O d5 14.exd5 Nb6 15.f5 Nbxd5 16.Rae1 Nb4
17.Bb1 Ba6 18.Rf2 Rc8 19.h3 Re8 20.Re5 Nbd5 21.Nxd5 Nxd5 22.Re1 c5 23.dxc5 Rxc5
24.fxg6 hxg6 25.Ba2 Bc4 26.Bxc4 Rxc4 27.Ne5 Bxe5 28.Rxe5 Rc5 29.Qd4 Qd6 30.Re1 Nc7
31.Qxd6 exd6 32.Rxe8+ Nxe8 33.Re2 Rxg5 34.Rxe8+ Kg7 35.Rb8 Rc5 36.Rb6 Rc4
37.b3 Rd4 38.Rb5 Rd3 39.Kf2 Kf6 40.Ke2 Rg3 41.Kf2 Rd3  1/2-1/2

[Event "Copenhagen AS04"]
[Site "Copenhagen"]
[Date "1979.??.??"]
[Round "7"]
[White "Mikhalchishin, Adrian"]
[Black "Hoi, Carsten"]
[Result "1-0"]
[WhiteElo "2480"]
[BlackElo "2355"]

1.e4 g6 2.d4 Bg7 3.Nc3 d6 4.Be2 Nf6 5.Nf3 O-O 6.O-O Nc6 7.d5 Nb4 8.Re1 a5
9.Bf4 c6 10.a3 Na6 11.dxc6 bxc6 12.e5 Nh5 13.exd6 Nxf4 14.dxe7 Qxe7 15.Bxa6 Qf6
16.Bxc8 Raxc8 17.Re3 Rfd8 18.Qe1 Qf5 19.g3 Nh3+ 20.Kg2 g5 21.Qe2 Rb8 22.Rd1 Rxd1
23.Nxd1 g4 24.Nh4 Qd5+ 25.f3 h5 26.b3 Bf6 27.Rd3 Qg5 28.fxg4 hxg4 29.Qe4 Kf8
30.Ne3 Qc5 31.Qxg4 Bg5 32.Kxh3 Bxe3 33.Nf5  1-0

[Event "Copenhagen AS04"]
[Site "Copenhagen"]
[Date "1979.??.??"]
[Round "10"]
[White "Auchenberg, Per"]
[Black "Schussler, Harry"]
[Result "0-1"]
[WhiteElo "2225"]
[BlackElo "2460"]

1.e4 g6 2.d4 Bg7 3.Nc3 d6 4.Bc4 e6 5.Nge2 Ne7 6.Bb3 b6 7.Be3 Bb7 8.Qd2 h6
9.h4 d5 10.f3 Nbc6 11.g4 Qd7 12.O-O-O O-O-O 13.Qe1 Na5 14.Qf2 dxe4 15.fxe4 Nxb3+
16.axb3 f5 17.Qg2 fxe4 18.Rhe1 Nd5 19.Bg1 Qe7 20.Qh3 Ba6 21.Ng3 Bf6 22.Rxe4 Bxh4
23.Nxd5 Rxd5 24.c4 Ra5 25.Kc2 Bf6 26.Ne2 g5 27.Nc3 Bb7 28.d5 Qh7 29.Qd3 exd5
30.Nxd5 Bxd5 31.cxd5 Ra2 32.Bd4 Bxd4 33.Qxd4 Re8 34.Re1 Ra1 35.Kd2 Rxe1 36.Rxe1 Rxe1
37.Kxe1 Qb1+ 38.Kd2 Qf1 39.Kc2 Qf3 40.Qh8+ Kb7 41.Qxh6 Qxd5 42.Qh3 Qe4+ 43.Kc3 a5
44.Qh5 Qc6+ 45.Kd3 Qc1 46.Ke4 Qc2+ 47.Ke5 Qxb3 48.Qxg5 Qxb2+ 49.Ke6 Qe2+
50.Kd7 Qd3+ 51.Ke8 a4  0-1

[Event "Gladsaxe"]
[Site "Gladsaxe"]
[Date "1979.??.??"]
[Round "3"]
[White "Schneider, Lars Ake"]
[Black "Hoi, Carsten"]
[Result "0-1"]
[WhiteElo "2420"]
[BlackElo "2355"]

1.e4 d6 2.d4 g6 3.Nc3 Bg7 4.f4 c6 5.Nf3 Bg4 6.Be3 Qb6 7.Qd2 Nf6 8.Be2 d5
9.e5 Nfd7 10.O-O Na6 11.a3 e6 12.h3 Bxf3 13.Bxf3 O-O 14.g4 f5 15.exf6 Nxf6
16.g5 Ne8 17.Bg4 Nd6 18.b3 Nf5 19.Rad1 Qc7 20.Bf2 Qd6 21.a4 Nc7 22.Ne2 Rad8
23.Kg2 Qd7 24.Ng1 Ne8 25.Nf3 Ned6 26.Ne5 Bxe5 27.dxe5 Ne4 28.Qe1 b6 29.Bg1 Qe7
30.a5 Qb7 31.h4 c5 32.Kh3 Qf7 33.Bh2 h6 34.Kg2 hxg5 35.fxg5 Kg7 36.axb6 axb6
37.Bxf5 exf5 38.Bf4 d4 39.Ra1 Qd5 40.Kh3 Ra8 41.Qe2 Rh8 42.Rxa8 Qxa8 43.Bg3 Nxg5+
44.Kh2 Qe4 45.Qxe4 Nxe4 46.Ra1 g5 47.Ra7+ Kg6 48.Rb7 f4 49.Be1 Kf5 50.Rxb6 Kxe5
51.b4 g4 52.bxc5 g3+ 53.Kg2 Rxh4 54.c6 Rh2+ 55.Kf3 Ng5+ 56.Kg4 Ne6 57.Rb5+ Kd6
58.c4 g2 59.Bf2 Rh1 60.Kf5 Rf1 61.Rd5+ Kxc6  0-1

[Event "Gladsaxe"]
[Site "Gladsaxe"]
[Date "1979.??.??"]
[Round "8"]
[White "Schneider, Lars Ake"]
[Black "Wedberg, Tom"]
[Result "1-0"]
[WhiteElo "2420"]
[BlackElo "2425"]

1.e4 g6 2.d4 d6 3.Nc3 Bg7 4.f4 a6 5.Nf3 b5 6.Bd3 Nd7 7.a4 b4 8.Nb1 c5 9.d5 Ngf6
10.Nbd2 O-O 11.O-O e6 12.dxe6 fxe6 13.Ng5 Qe7 14.Nc4 d5 15.exd5 Nxd5 16.Qe2 N7f6
17.Bd2 Nh5 18.Qe4 Ra7 19.Rae1 Bd4+ 20.Kh1 Qg7 21.Nd6 Bd7 22.Bc4 Qh6 23.Rf3 Nhf6
24.Qe2 Ng4 25.h3 Nf2+ 26.Rxf2 Bxf2 27.Qxf2 Qxg5 28.Qxc5 Qg3 29.Bxd5 exd5
30.Qxd5+ Kh8 31.Qd4+ Kg8 32.Re7 Qxh3+ 33.gxh3 Bc6+ 34.Re4 Bxe4+ 35.Nxe4  1-0

[Event "Lloyds Bank op"]
[Site "London"]
[Date "1979.??.??"]
[Round "5"]
[White "Byrne, Stewart"]
[Black "Taulbut, Shaun M"]
[Result "0-1"]
[WhiteElo "2200"]
[BlackElo "2390"]

1.e4 g6 2.d4 d6 3.Nc3 Bg7 4.Nf3 Nf6 5.Be3 O-O 6.h3 c6 7.Bd3 Nbd7 8.Qd2 e5
9.dxe5 dxe5 10.Na4 b6 11.b4 Qe7 12.Qc3 Bb7 13.Qb3 c5 14.Nd2 cxb4 15.O-O Bc6
16.Rab1 b5 17.Nc5 a5 18.Nxd7 Nxd7 19.a3 bxa3 20.Bxb5 Bxb5 21.Qxb5 Qe6 22.Qa4 Rfc8
23.Qxa3 Rxc2 24.Rb5 a4 25.Rd5 Nf6 26.Rd6 Qa2 27.Qxa2 Rxa2 28.Rd1 h6 29.f3 Rc8
30.Kf2 Nh5 31.Rb6 Nf4 32.Rdb1 Rcc2 33.Rd6 Rab2 34.Rxb2 Rxb2 35.Ra6 Ra2 36.h4 Bf8
37.g3 Ne6 38.Ra8 Kg7 39.Kf1 a3 40.Nc4 Rc2 41.Nxe5 a2 42.Nd3 Rc3 43.Ke2 Ra3
44.Rxa3 Bxa3  0-1

[Event "Lone Pine op"]
[Site "Lone Pine"]
[Date "1979.??.??"]
[Round "3"]
[White "Morris, Walter D"]
[Black "Nikolic, Stanimir"]
[Result "1-0"]
[WhiteElo "2345"]
[BlackElo "2440"]

1.e4 g6 2.d4 Bg7 3.Nc3 d6 4.f4 c6 5.Nf3 Nf6 6.Bd3 Qb6 7.e5 Ng4 8.h3 Nh6 9.g4 d5
10.Rb1 e6 11.Be3 Bf8 12.O-O Ng8 13.f5 exf5 14.gxf5 Ne7 15.e6 fxe6 16.fxe6 Bg7
17.Ng5 Na6 18.Qg4 Nc7 19.b4 h5 20.Qf4 Rf8 21.Qf7+ Rxf7 22.exf7+ Kd8 23.f8=Q+ Ne8
24.Qf4 Nf5 25.Nf7+ Ke7 26.Ne5 Bh6 27.Nxg6+ Kd8 28.Bxf5 Bxf4 29.Rxf4 Qc7 30.Bxc8 Rxc8
31.Ne5 Qh7 32.Rf7 Qg8+ 33.Kh2 Rc7 34.Rg1 Qh8 35.Ng6 Qg8 36.Bg5+ Kc8 37.Ne7+ Rxe7
38.Rxe7 Qf8 39.Rg2 Nd6 40.Rge2 Qf3 41.R7e3 Qf5 42.Bh4 b6 43.Bg3 Nc4 44.Re7 h4
45.Bxh4 Nd2 46.Rf2 Nf3+ 47.Kg3 Nxh4 48.Re8+ Kd7 49.Rxf5 Nxf5+ 50.Kf4 Nxd4
51.Rh8 Nxc2 52.h4 Nxb4 53.h5 d4 54.Ne4 Ke6 55.h6 Nd3+ 56.Kg5 Ne5 57.Re8+ Kd5
58.Nf6+  1-0

[Event "Lone Pine op"]
[Site "Lone Pine"]
[Date "1979.??.??"]
[Round "9"]
[White "Strauss, David J"]
[Black "Odendahl, Steven M"]
[Result "0-1"]
[WhiteElo "2345"]
[BlackElo "2370"]

1.e4 g6 2.d4 Bg7 3.Nc3 d6 4.Nf3 c6 5.Be2 b5 6.O-O Nd7 7.Re1 a6 8.a4 Bb7 9.d5 b4
10.dxc6 Bxc6 11.Nd5 Ngf6 12.Nd4 Bb7 13.Nxb4 Qb6 14.c3 Nxe4 15.a5 Qc7 16.Bxa6 Bxa6
17.Rxe4 Nf6 18.Re1 O-O 19.Bg5 e6 20.Qf3 Bb7 21.Qd3 Rxa5 22.Nb5 Qb6 23.Rxa5 Qxa5
24.Bxf6 Bxf6 25.Nxd6 Ba8 26.Ne4 Be7 27.Qc4 Rb8 28.Nc6 Bxc6 29.Qxc6 Rxb2 30.Qe8+ Bf8
31.h4 Qa7 32.Re3 Qe7 33.Qxe7 Bxe7 34.g3 h6 35.Rd3 Re2 36.Nd6 Rc2 37.Kg2 e5
38.h5 gxh5 39.Nf5 Bc5 40.Ne3 Bxe3 41.Rxe3 f6 42.Rf3 Kg7 43.Kh3 Kg6 44.g4 hxg4+
45.Kxg4 e4 46.Re3 Rxf2 47.Rxe4 f5+ 48.Kg3 fxe4 49.Kxf2 h5 50.c4 h4  0-1

[Event "Munich"]
[Site "Munich"]
[Date "1979.??.??"]
[Round "?"]
[White "Lieb, Harald"]
[Black "Balashov, Yuri S"]
[Result "0-1"]
[WhiteElo "2200"]
[BlackElo "2600"]

1.e4 g6 2.d4 d6 3.Nc3 Bg7 4.Bg5 c6 5.Qd2 b5 6.a3 Qc7 7.f4 Nd7 8.Nf3 Nb6 9.h3 Nf6
10.Bd3 O-O 11.g4 a5 12.O-O b4 13.Nd1 d5 14.Bxf6 exf6 15.axb4 dxe4 16.Bxe4 axb4
17.Rxa8 Nxa8 18.f5 Re8 19.Re1 Nb6 20.Qh2 Qd8 21.Qf4 Bb7 22.Bd3 Nd5 23.Rxe8+ Qxe8
24.Qg3 c5 25.Nf2 Bf8 26.g5 Qe3 27.Qg4 Qc1+ 28.Kh2 Bd6+  0-1

[Event "Marshall op"]
[Site "New York"]
[Date "1979.??.??"]
[Round "2"]
[White "Boskovic, Milorad"]
[Black "Zlotnikov, Mikhail"]
[Result "1-0"]
[WhiteElo "2255"]
[BlackElo "2435"]

1.e4 g6 2.d4 Bg7 3.Nc3 d6 4.f4 Nf6 5.Nf3 c5 6.e5 Nfd7 7.e6 fxe6 8.Ng5 Nf6
9.dxc5 O-O 10.Qe2 dxc5 11.Nxe6 Bxe6 12.Qxe6+ Kh8 13.Bd2 Nc6 14.O-O-O Nd4
15.Qh3 Qc8 16.Qxc8 Rfxc8 17.g3 Rab8 18.Bh3 Rc6 19.Rhe1 e6 20.Be3 Rd6 21.Bxd4 Rxd4
22.Bxe6 Rxd1+ 23.Rxd1 Re8 24.Bh3 h5 25.Kd2 Ne4+ 26.Nxe4 Rxe4 27.c3 b5 28.Bf1 b4
29.Kd3 Re7 30.Kc4 bxc3 31.bxc3 Rb7 32.Bd3 Kh7 33.Rd2 Bf6 34.Re2 Kg7 35.a4 Re7
36.Rxe7+ Bxe7 37.Kb5 Kf8 38.c4 Bd8 39.Kxc5 Bb6+ 40.Kd5 Bg1 41.c5 Bxh2 42.c6 Ke7
43.Bb5  1-0

[Event "Marshall op"]
[Site "New York"]
[Date "1979.??.??"]
[Round "10"]
[White "Kudrin, Sergey"]
[Black "Goodman, David SC"]
[Result "0-1"]
[WhiteElo "2360"]
[BlackElo "2340"]

1.e4 g6 2.d4 d6 3.Nc3 Bg7 4.f4 Nc6 5.Be3 Nf6 6.Nf3 O-O 7.Bd3 Ng4 8.Bg1 e5
9.d5 Nd4 10.h3 Nh6 11.Bxd4 exd4 12.Ne2 f5 13.O-O Qe7 14.e5 dxe5 15.fxe5 Bxe5
16.Bc4 Bd6 17.Nexd4 Qe3+ 18.Kh1 Ng4 19.Qd2 Qxd2 20.Nxd2 Ne3 21.Rfe1 f4 22.Bb3 Bf5
23.Nc4 Nxc4 24.Bxc4 f3 25.Nxf5 Rxf5 26.gxf3 Rxf3 27.Bf1 Raf8 28.Bg2 Rf2 29.Be4 Rh2+
30.Kg1 Rff2 31.b4 Bxb4 32.d6 cxd6 33.Bd5+ Kg7 34.Re7+ Kh6 35.Rf7 Rxc2 36.Bxb7 Rxh3
37.Be4 Rd2 38.Rc1 Bc5+ 39.Kf1 Rg3 40.Ke1 Rh2  0-1

[Event "Rubinstein mem"]
[Site "Polanica Zdroj"]
[Date "1979.??.??"]
[Round "6"]
[White "Borkowski, Franciszek"]
[Black "Razuvaev, Yuri S"]
[Result "0-1"]
[WhiteElo "2395"]
[BlackElo "2470"]

1.e4 g6 2.d4 Bg7 3.Nc3 d6 4.f4 Nc6 5.Be3 Nf6 6.Nf3 O-O 7.Be2 Ng4 8.Bg1 e5
9.fxe5 dxe5 10.d5 Nb8 11.h3 Nf6 12.Bh2 Nbd7 13.O-O Qe7 14.Nd2 Ne8 15.Nc4 Nd6
16.Kh1 f5 17.exf5 gxf5 18.Qe1 Nb6 19.b3 Nbxc4 20.bxc4 b6 21.Bg1 Nb7 22.Rd1 Bd7
23.Nb5 Be8 24.Bd3 Bxb5 25.cxb5 e4 26.Bh2 Be5 27.Bf4 Bxf4 28.Rxf4 Qd6 29.Qg3+ Qg6
30.Qxg6+ hxg6 31.Be2 g5 32.Rff1 Kg7 33.Rf2 Rad8 34.g3 Kf6 35.h4 gxh4 36.g4 Ke5
37.gxf5 Rxf5 38.Rxf5+ Kxf5 39.c4 Kf4 40.Bf1 Nc5 41.Kg2 Rg8+  0-1

[Event "Sochi Spartak"]
[Site "Sochi"]
[Date "1979.??.??"]
[Round "?"]
[White "Mnatsakanian, Eduard A"]
[Black "Zhidkov, Valery S"]
[Result "0-1"]
[WhiteElo "2425"]
[BlackElo "2520"]

1.e4 g6 2.d4 Bg7 3.Nc3 d6 4.Bg5 Nd7 5.Qd2 c5 6.Nf3 h6 7.Be3 Ngf6 8.h3 a6
9.O-O-O b5 10.dxc5 b4 11.Na4 Qa5 12.b3 Bb7 13.a3 dxc5 14.Bc4 Bc6 15.axb4 cxb4
16.e5 Ne4 17.Qxd7+ Bxd7 18.Bb6 Qb5 19.Bxb5 axb5 20.Nc5 Nxf2 21.Rxd7 Nxh1
22.Rd4 O-O 23.Rxb4 Rfc8 24.Rxb5 Ng3 25.Rb4 h5 26.Kb2 Rab8 27.Nd7 Rb7 28.Nc5 Rxb6
29.Rxb6 Rxc5 30.Rb8+ Bf8 31.b4 Rc7 32.Kb3 e6 33.c4 Kg7 34.c5 Ne4 35.Kc4 g5
36.Kd4 Nxc5 37.bxc5 Bxc5+ 38.Ke4 Be7 39.g4 hxg4 40.hxg4 Rc4+ 41.Kd3 Rxg4
42.Rb7 Rg3 43.Ke4 Bc5 44.Rc7 Rg4+ 45.Kd3 Ba3 46.Nd4 Kg6 47.Rc8 Rf4 48.Ne2 Rf5
49.Ke4 Bb2 50.Rc5 f6  0-1

[Event "SWE-ch"]
[Site "?"]
[Date "1979.??.??"]
[Round "?"]
[White "Hansson, Dan"]
[Black "Lekander, Rolf"]
[Result "1/2-1/2"]
[WhiteElo "2300"]
[BlackElo "2285"]

1.e4 g6 2.d4 Bg7 3.Nc3 d6 4.Nf3 Nf6 5.h3 O-O 6.Be3 c6 7.a4 Nbd7 8.a5 e5 9.dxe5 dxe5
10.Qd6 Ne8 11.Qa3 Nc7 12.Bc4 h6 13.Qd6 Kh7 14.h4 Ne8 15.Qa3 Qc7 16.O-O-O b5
17.Bb3 Kg8 18.h5 g5 19.Nxg5 b4 20.Qxb4 c5 21.Qc4 hxg5 22.Bxg5 Qxa5 23.h6 Bf6
24.h7+ Kh8 25.Bh6 Bg7 26.Bxg7+ Nxg7 27.Qd5 Rb8 28.Qd6 Qa1+ 29.Kd2 Qa6 30.Qe7 Qf6
31.Nd5 Qxe7 32.Nxe7 Re8 33.Nxc8 Rbxc8 34.Bxf7 Rf8 35.Bc4 Rxf2+ 36.Ke3 Rxc2
37.Ba6 Rc7 38.Rhf1 Kxh7 39.Rf7 Kg6 40.Rdxd7 Rxd7 41.Rxd7 Rxg2 42.Be2  1/2-1/2

[Event "SWE-ch"]
[Site "?"]
[Date "1979.??.??"]
[Round "?"]
[White "Rorvall, Goran"]
[Black "Lekander, Rolf"]
[Result "1/2-1/2"]
[WhiteElo "2360"]
[BlackElo "2285"]

1.e4 g6 2.d4 Bg7 3.Nc3 d6 4.Nf3 Nf6 5.Be2 O-O 6.O-O c6 7.a4 Nbd7 8.h3 Qc7
9.Be3 Rd8 10.Qd2 Nf8 11.Rfd1 Bd7 12.Bf4 Re8 13.e5 dxe5 14.Bxe5 Qc8 15.Qe3 Ne6
16.Bc4 Nc7 17.Re1 Ncd5 18.Bxd5 cxd5 19.Nh2 Qc4 20.Qf3 Rac8 21.Nf1 Bc6 22.Ne3 Qb4
23.Rab1 a5 24.h4 Red8 25.h5 Ne4 26.Ncxd5 Rxd5 27.Bxg7 Kxg7 28.h6+ Kf8 29.Qxe4 Rxd4
30.Qe5 f6  1/2-1/2

[Event "URS-ch (Women)"]
[Site "Tbilisi"]
[Date "1979.??.??"]
[Round "4"]
[White "Semenova, Lidia K"]
[Black "Kozlovskaya, Valentina"]
[Result "0-1"]
[WhiteElo "2245"]
[BlackElo "2265"]

1.e4 d6 2.d4 g6 3.Nc3 Bg7 4.Nge2 c6 5.Be3 Qc7 6.g3 Nd7 7.Bg2 e5 8.O-O Ne7
9.Qd2 O-O 10.Bh6 b5 11.Bxg7 Kxg7 12.f4 f6 13.g4 Nb6 14.g5 Nc4 15.gxf6+ Rxf6
16.Qd3 Nxb2 17.Qg3 exd4 18.Nxb5 cxb5 19.e5 dxe5 20.Bxa8 Nf5 21.Qb3 Nc4 22.Qxb5 Ba6
23.Qb4 Nfe3 24.Rfc1 Nb6 25.Bf3 Bxe2 26.Bxe2 Qb7 27.Kf2 Rxf4+ 28.Ke1 Ng2+
29.Kd2 d3 30.Qc5 dxe2 31.Qxe5+ Kh6 32.Qxe2 Qd5+  0-1

[Event "URS-ch (Women)"]
[Site "Tbilisi"]
[Date "1979.??.??"]
[Round "6"]
[White "Voronova, Tatiana"]
[Black "Kozlovskaya, Valentina"]
[Result "1-0"]
[WhiteElo "2000"]
[BlackElo "2265"]

1.e4 d6 2.d4 g6 3.Nc3 Bg7 4.g3 c6 5.Bg2 Qc7 6.h3 e5 7.Nge2 b5 8.a3 a6 9.O-O Nd7
10.Be3 Ngf6 11.Qd2 O-O 12.Rad1 Re8 13.dxe5 dxe5 14.Qd6 Qxd6 15.Rxd6 Bb7 16.Rfd1 Nf8
17.h4 Ne6 18.Bh3 Bf8 19.R6d2 Bc8 20.Kg2 h6 21.f3 a5 22.Nc1 Nc7 23.Bxc8 Raxc8
24.Nb3 a4 25.Nc5 Ne6 26.Nxe6 Rxe6 27.g4 Ne8 28.Rd8 Rxd8 29.Rxd8 Kg7 30.Rc8 h5
31.gxh5 gxh5 32.Ne2 Kh7 33.Ng3 Bh6 34.Bxh6 Kxh6 35.Nf5+ Kh7 36.Kf2 Nd6 37.Nxd6 Rxd6
38.Ke2 Kg7 39.Re8 f6 40.Rc8 Kg6 41.Rg8+ Kf7 42.Rh8 Kg6 43.c3 Rd7 44.Rc8 Rd6
45.Ra8 f5 46.Rg8+ Kf7 47.Rg5 fxe4 48.fxe4 Rg6 49.Rxg6 Kxg6 50.c4 Kf6 51.Kd3 Ke6
52.Kc3 Kd6 53.Kb4 bxc4 54.Kxc4 Kc7 55.b3 axb3 56.Kxb3 Kb6 57.Kc4 c5 58.a4  1-0

[Event "URS-ch (Women)"]
[Site "Tbilisi"]
[Date "1979.??.??"]
[Round "8"]
[White "Stupina, Elena"]
[Black "Kozlovskaya, Valentina"]
[Result "1-0"]
[WhiteElo "2000"]
[BlackElo "2265"]

1.e4 d6 2.d4 g6 3.Nc3 Bg7 4.g3 c6 5.Bg2 Nf6 6.h3 Qc7 7.Nge2 Nbd7 8.Be3 Rb8
9.a4 O-O 10.O-O a6 11.a5 b5 12.axb6 Nxb6 13.b3 Nfd7 14.Qd2 c5 15.Rad1 c4
16.f4 e6 17.f5 e5 18.g4 cxb3 19.cxb3 f6 20.dxe5 dxe5 21.Rc1 Qd8 22.Nd5 Nxd5
23.Qxd5+ Rf7 24.Rfd1 Bb7 25.Qd2 Rc8 26.Nc3 gxf5 27.gxf5 Bf8 28.Bf1 Kh8 29.Bc4 Rxc4
30.bxc4 Bb4 31.Qd3 Bxc3 32.Rxc3 Qa8 33.Bh6 Bxe4 34.Qf1 Nc5 35.Rg3 Bc6 36.Kh2 e4
37.Qg1 e3 38.Rg8+ Qxg8 39.Qxg8+  1-0

[Event "URS-ch (Women)"]
[Site "Tbilisi"]
[Date "1979.??.??"]
[Round "14"]
[White "Grinfeld, Alla B"]
[Black "Kobaidze, Tsiuri"]
[Result "0-1"]
[WhiteElo "2215"]
[BlackElo "2150"]

1.e4 g6 2.d4 Bg7 3.Nc3 d6 4.Be3 c6 5.Qd2 Qa5 6.f3 Nd7 7.h4 h5 8.Nh3 b5 9.Nf4 a6
10.a3 Ngf6 11.Be2 Qc7 12.g4 hxg4 13.fxg4 Nb6 14.g5 Ng4 15.O-O-O Nc4 16.Bxc4 bxc4
17.h5 Nxe3 18.h6 Bf8 19.Qxe3 Rb8 20.Rdg1 e5 21.dxe5 dxe5 22.Ng2 Qa5 23.Nd1 Be6
24.Qc3 Qxc3 25.Nxc3 f6 26.gxf6 Bxh6+ 27.Kb1 Kf7 28.Nh4 Bd2 29.Na4 Be3 30.Rf1 a5
31.Nc3 Bf4 32.Ne2 g5 33.Nxf4 exf4 34.Nf3 Kxf6 35.Rhg1 Rhg8 36.Nxg5  0-1

[Event "CSR-ch"]
[Site "Trencianske Teplice"]
[Date "1979.??.??"]
[Round "10"]
[White "Ambroz, Jan"]
[Black "Sikora Lerch, Jan"]
[Result "1-0"]
[WhiteElo "2320"]
[BlackElo "2430"]

1.e4 g6 2.d4 Bg7 3.Nc3 d6 4.h3 Nc6 5.Nf3 e5 6.Bg5 f6 7.Be3 Nh6 8.dxe5 Nxe5
9.Nxe5 fxe5 10.Bc4 Nf7 11.Qd2 a6 12.O-O-O Rb8 13.h4 b5 14.Bd5 h5 15.Kb1 b4
16.Ne2 Bb7 17.Bxb7 Rxb7 18.Qd5 Qc8 19.Qc6+ Ke7 20.Rh3 Rb5 21.Rg3 Bh6 22.Qc4 Bxe3
23.fxe3 Rg8 24.Rf1 Rg7 25.Rxg6 d5 26.Qxb5 Rxg6 27.Qc5+ Nd6 28.exd5 Rxg2 29.Nc1 Rg4
30.b3 Rxh4 31.Nd3 Qb7 32.Nxe5 Qb6  1-0

[Event "CSR-ch"]
[Site "Trencianske Teplice"]
[Date "1979.??.??"]
[Round "12"]
[White "Prandstetter, Eduard"]
[Black "Sikora Lerch, Jan"]
[Result "1/2-1/2"]
[WhiteElo "2385"]
[BlackElo "2430"]

1.e4 g6 2.d4 Bg7 3.Nc3 d6 4.f4 c6 5.Nf3 Bg4 6.Be3 Qb6 7.Qd2 Bxf3 8.gxf3 Nd7
9.O-O-O Qa5 10.Kb1 d5 11.f5 gxf5 12.Rg1 Bf8 13.exf5 O-O-O 14.h4 h5 15.Bh3 Nb6
16.b3 Nd7 17.Qd3 Re8 18.Rde1 Bh6 19.Bg5 Qc7 20.Qd2 Kd8 21.Re2 Nb6 22.Reg2 Nc8
23.Ne2 Nd6 24.Nc1 f6 25.Bxh6 Nxh6 26.Qd3 Rhg8 27.Ne2 Rxg2 28.Rxg2 Qa5 29.c3 Rg8
30.Rg6 Rh8 31.Kb2 Qb5 32.Qc2 Nc4+ 33.Ka1 Ne3 34.Qd2 Nexf5 35.Nf4 Ke8 36.Nxh5 Kf7
37.Rg1 Qa5 38.Qd3 e6 39.Nf4 c5 40.dxc5 Qxc5 41.Re1 Rc8 42.c4 Re8 43.cxd5 exd5
44.Rxe8 Kxe8 45.Nxd5 Qc1+ 46.Qb1 Qxb1+ 47.Kxb1 Nxh4 48.Nxf6+ Ke7 49.Ng4 Nf7
50.Nh2 Ne5 51.Bg4 Kf6 52.Kc2 Kg5 53.Kc3 Kf4 54.Kd4 Ng2 55.Bc8 b6 56.Bb7 Ne1
57.Be4 a6 58.Bd5 N5d3 59.Kc3 Nc5 60.Bc6 Ne6 61.Kc4 Nc7 62.Bb7 Kg3 63.Ng4 Nxf3
64.Bxf3 Kxf3 65.Nf6 Ke2 66.Nd7 b5+ 67.Kc5 Kd2 68.Kc6 Ne6 69.Kb6 Kc3 70.Kxa6 Nd4
71.a4 Kxb3 72.axb5 Nxb5 73.Kxb5  1/2-1/2

[Event "CSR-ch"]
[Site "Trencianske Teplice"]
[Date "1979.??.??"]
[Round "13"]
[White "Ambroz, Jan"]
[Black "Jansa, Vlastimil"]
[Result "1/2-1/2"]
[WhiteElo "2320"]
[BlackElo "2495"]

1.e4 g6 2.d4 Bg7 3.Nc3 d6 4.h3 Nf6 5.Bc4 O-O 6.Qe2 Nc6 7.Nf3 Nd7 8.Be3 Nb6
9.Bb3 Na5 10.O-O e6 11.e5 h6 12.Ne4  1/2-1/2